00508nam a2200157 i 4500001000300000100001400003245008300017260002200100040000800122041000800130942000700138008004100145999001700186856009800203952004900301bg1 aMASON, J. 0aMethods of functional analysis for application in solid mechanics /cJ. Mason. aAmsterdam,c1985. cBPK apol cKS s pl f |000 0 pol  c23295d23295 uhttp://koha.tu.koszalin.pl/cgi-bin/koha/opac-detail.pl?biblionumber=23295yKatalog online BPK 00104070aBPKbBPKcwo33353p01199710yKS